Самые большие города, заканчивающиеся на -ск - Statistics

General Stats
  • This quiz has been taken 1 669 times
  • The average score is 4 of 10
Answer Stats
Население Город % Correct
1,620,162 Новосибирск
60%
1,139,897 Омск
58%
2,009,786 Минск
55%
1,092,851 Красноярск
46%
568,508 Томск
42%
1,187,960 Челябинск
37%
617,315 Иркутск
32%
613,493 Хабаровск
31%
646,468 Ижевск
20%
625,462 Ульяновск
18%
No matching quizzes found
Score Distribution
Percent of People with Each Score
Percentile by Number Answered
Your Score History
You have not taken this quiz